000 02202cam a22004694i 4500
003 PE-LiUPU
005 20250731184600.0
008 150616s r 000 0 d
035 _a(Sirsi) a5193
040 _aPE-LiUPU
_bspa
_cPE-LiUPU
_erda
049 _aPRUA
082 0 4 _a913.8
_bL95
_221
100 1 _aLumbreras, Luis G.,
_eautor.
245 1 0 _aArqueología de la América Andina /
_cLuis G. Lumbreras.
264 1 _aLima :
_bEditorial Milla Batres,
_c1981.
300 _a278 páginas :
_bilustraciones fotos, dibjs, mapas ;
_c24 cm.
336 _atext
_2rdacontent
337 _aunmediated
_2rdamedia
338 _avolume
_2rdacarrier
504 _aIncluye bibliografía.
505 0 _aAspectos conceptuales: -Concepto de área -- Terminología y periodificación -- Modos de producción -- El factor geográfico -- Los bosques tropicales -- Autoctonismo y aloctonismo -- Arqueología y política. Definición de área -- El área andina y sus diviciones -- El extremo norte -- Los Andes septentrionales -- Los Andes centrales -- Los Andes centro-sur o "Circum-Titicaca" -- Los Andes meridionales -- El extremo sur. Aproximaciones al proceso histórico: -Sobre el poblamiento: recolectores y cazadores -- La cuestión del origen de la agricultura y su difusión -- El origen y la dispersión de la cerámica -- Los orígenes de la formación urbana y el estado -- La formación urbana -- Civilización y barbarie.
526 _aP136
526 _aP135
526 _aP134
526 _aP133
526 _aP144
526 _aP143
526 _aP87
526 _aP35
526 _aP20
526 _aP14
526 _aP10
526 _aP06
650 0 4 _aARQUEOLOGIA - AMERICA DEL SUR.
910 _ajck
_bjvq
_cjck
942 _2ddc
_cBOOK
949 _a913.8 L95
_wDEWEY
_c1
_i29117
_lCCODEBUL1
_mBUL
_p00.00
_r0
_sY
_tBOOK
_u2015-04-23
_xEDUCACION
_PP20
_0COMPRA
_o.STAFF. Colección General
994 _aC0
_bPEPRU
596 _a1
999 _a913.8 L95
_wDEWEY
_c54505
_i29117
_f2022-4-21
_g5
_lCCODEBUL1
_mBUL
_r1
_sY
_tBOOK
_u2015-4-23
_xUNKNOWN
_PP20
_0COMPRA
_o.STAFF. Colección General
_d54505
980 _81
_gALBERTO SANCHEZ Responsable de Automatización